Central Library OPAC University of Rajshahi

Teacher's manual for Guided composition / (Record no. 8111)

MARC details
000 -LEADER
fixed length control field 00828nam a22002417a 4500
001 - CONTROL NUMBER
control field 8111
003 - CONTROL NUMBER IDENTIFIER
rucl marc code BD-RjUL
005 - DATE AND TIME OF LATEST TRANSACTION
control field 20211208234527.0
008 - FIXED-LENGTH DATA ELEMENTS--GENERAL INFORMATION
fixed length control field 140116s1971 fr ||||| |||| 00| 0 eng d
035 ## - SYSTEM CONTROL NUMBER
System control number (BD-RjUL)8156
040 ## - CATALOGING SOURCE
Original cataloging agency BD-RjUL
Language of cataloging eng
Transcribing agency BD-RjUL
041 ## - LANGUAGE CODE
Language code of text/sound track or separate title eng
082 04 - DEWEY DECIMAL CLASSIFICATION NUMBER
Classification number 808.042
Author mark and year BAT 1971
100 1# - MAIN ENTRY--PERSONAL NAME
Personal name Baskoff, Florence
9 (RLIN) 25289
245 10 - TITLE STATEMENT
Title Teacher's manual for Guided composition /
Statement of responsibility, etc. by Florence Baskoff; New York University. American Language Institute.
260 ## - PUBLICATION, DISTRIBUTION, ETC. (IMPRINT)
Place of publication, distribution, etc. Philadelphia :
Name of publisher, distributor, etc. Center for Curriculum Development,
Date of publication, distribution, etc. ©1971.
300 ## - PHYSICAL DESCRIPTION
Pagination 65 p. ;
Size 26 cm.
490 ## - SERIES STATEMENT
Series statement American English.
650 #0 - SUBJECT ADDED ENTRY--TOPICAL TERM
Topical term or geographic name as entry element English language
General subdivision Composition and exercises.
9 (RLIN) 25290
Topical term or geographic name as entry element English language
General subdivision Textbooks for foreign speakers.
9 (RLIN) 21994
710 ## - ADDED ENTRY--CORPORATE NAME
Corporate name or jurisdiction name as entry element American Language Institute.
9 (RLIN) 25291
942 ## - ADDED ENTRY ELEMENTS (KOHA)
Source of classification or shelving scheme Dewey Decimal Classification
Koha item type Books
Holdings
Lost status Source of classification or shelving scheme Damaged status Not for loan Collection code Permanent Location Current Location Shelving location Date acquired Source of acquisition Total Checkouts Full call number Date last seen Copy number Koha item type
  Dewey Decimal Classification   Not For Loan Non-fiction Central Library, University of Rajshahi Central Library, University of Rajshahi   20/10/1984 USIS   808.042 BAT 1971 16/01/2014 C-1 Books